[Event "DVM U20w 2003"]
[Site "Ditzingen GER"]
[Date "2003.12.29"]
[Round "6"]
[White "Spangenberg, Romy"]
[Black "Schuster, Kathrin"]
[Result "0-1"]
[Termination "normal"]
[Board "6.4"]
[WhiteElo "886"]
[BlackElo "913"]
[WhiteTeam "SC Leipzig-Lindenau"]
[BlackTeam "Allersberger SC 2000"]
[PlyCount "108"]
[WhiteFideId "4627997"]
[EventCountry "GER"]
[EventRounds "7"]
[EventType "team-swiss"]
[EventDate "2003.12.26"]

1. e4 e5 2. Nf3 Nc6 3. d4 exd4 4. Nxd4 Bc5 5. Be3 Qe7 6. Nb5 d6 7. Bxc5 dxc5 8.
Nd2 Nf6 9. Nc3 O-O 10. Bd3 b6 11. Qe2 Nd4 12. Qe3 Bd7 13. O-O Rae8 14. h3 Bc6
15. Rfe1 Qe5 16. Nf1 c4 17. Bxc4 Nxc2 18. Qf3 Nxa1 19. Rxa1 Bxe4 20. Nxe4 Nxe4
21. Rc1 Qxb2 22. Re1 Qd4 23. Ne3 Nd2 24. Qe2 Nxc4 25. Rc1 Nxe3 26. fxe3 Rxe3
27. Qf2 c5 28. a4 a5 29. Kh2 Qe5+ 30. Kg1 Re8 31. Qd2 Re1+ 32. Rxe1 Qxe1+ 33.
Qxe1 Rxe1+ 34. Kf2 Re6 35. g4 g6 36. h4 h6 37. Kf3 Rf6+ 38. Ke4 g5 39. hxg5
hxg5 40. Kd5 Rf4 41. Ke5 Kg7 42. Kd5 Kf6 43. Kc6 Rxa4 44. Kxb6 Rb4+ 45. Kxc5
Ke6 46. Kc6 Rc4+ 47. Kb5 Kd5 48. Kb6 Kd6 49. Kb5 Rb4+ 50. Kxa5 Kc5 51. Ka6 Rb1
52. Ka7 Kc6 53. Ka8 Kc7 54. Ka7 Ra1# 0-1